00854 a2200193 4500003000500000005001700005010001600022020002700038040000900065082001600074100002600090245007400116260006500190300003300255490004000288505025300328650003500581830004400616Nust20220811143150.0 a 99051601 a0819435031 (softcover) cNust00a621.367,WEL1 aWelstead, Stephen T.,10aFractal and wavelet image compression techniques /cStephen Welstead. aBellingham, Wash. :bSPIE Optical Engineering Press,cc1999. axv, 232 p. :bill. ;c26 cm.1 aTutorial texts series ;vvol. TT 40 aIntroduction Page (Page-1), Fractals Image Compression (Page-11), Wavelet Image Compression (Page-93), Daubechies Wavelets (Page-119), Wavelet Image Compression Techniques (Page-131), Comparison Of Fractals And Wavelet Image Compression (Page-155). 0aTelecommunication Engineering. 0aTutorial texts in optical engineering ;